000 00959nam a2200277Ia 4500
003 OSt
005 20221005110600.0
006 a|||||r|||| 00| 0
007 ta
008 221004b |||||||| |||| 00| 0 hin d
020 _a9788126315567 (hbk)
_c600
024 _a97360
037 _bB281, 24/01/2009, Bharat Pustak Bhandar
_cTextual
040 _aCRL
_cCRL
_bhin
041 _2hin
_ahin
082 _aO152,3N44,DA, P8
100 _aमेवाराम
245 0 _aदाराशुकोह
246 _aDārāshukoha
260 _aनई दिल्ली
_bभारतीय ज्ञानपीठ भारत
_c2008
300 _a868पृ0
_ccm.
490 _aलोकोदय ग्रन्थमाला; 957
650 _aहिन्दी साहित्य
942 _hO152,3N44,DA, P8
_cTEXL
_2cc
999 _c1019277
_d1019277